00413nam a2200169Ia 4500008004100000020001800041245004600059245001700105260001500122260001600137260000900153300001600162300002500178300001000203440002200213500000800235170705s9999 xx 000 0 und d a9780545377614 aSchool hasn't this gone on long enough? / cJamie Kelly. aNew York : bScholastic, c2012 a134 pages : bcolor illustration ; c19cm. aDear dumb diary ; a940